| 000 | 01572nam a22002417a 4500 | ||
|---|---|---|---|
| 001 | 3504 | ||
| 003 | FISKH | ||
| 005 | 20240314090446.0 | ||
| 008 | 240314b cb ||||| |||| 00| 0 eng d | ||
| 040 |
_aFISK _beng _cFISK _dFISK |
||
| 050 | _aDS778.J53 | ||
| 082 | _a951.056 | ||
| 100 |
_aJiang ji-li _d1954- |
||
| 245 |
_aRed scarf girl / _cJi-li Jiang |
||
| 260 |
_aNew York : _bScholastic, _c1999 |
||
| 300 |
_a285 pages : _b20 cm |
||
| 505 | _aM | ||
| 520 | _aPublishers Weekly Best Book * ALA Best Book for Young Adults * ALA Notable Children's Book * ALA Booklist Editors' Choice Moving, honest, and deeply personal, Red Scarf Girl is the incredible true story of one girl's courage and determination during one of the most terrifying eras of the twentieth century. It's 1966, and twelve-year-old Ji-li Jiang has everything a girl could want: brains, popularity, and a bright future in Communist China. But it's also the year that China's leader, Mao Ze-dong, launches the Cultural Revolution-and Ji-li's world begins to fall apart. Over the next few years, people who were once her friends and neighbors turn on her and her family, forcing them to live in constant terror of arrest. And when Ji-li's father is finally imprisoned, she faces the most difficult dilemma of her life. Written in an accessible and engaging style, this page-turning autobiography will appeal to readers of all ages, and it includes a detailed glossary and a pronunciation guide. | ||
| 521 | 8 |
_a780 _bLexile |
|
| 700 | _aJi-li Jiang | ||
| 942 |
_2ddc _cBK _n0 |
||
| 999 |
_c3504 _d3504 |
||